02435nam a2200349 i 4500001000700000003000700007005001700014007000300031008004100034017005100075020001800126035001300144040002900157080002100186100003100207245010800238250008800346264003600434300002700470336002200497337003000519338002400549490002000573490004200593520116000635655001901795700003101814700003701845830002001882830002601902852015701928193172SpMaBN20240827063033.0ta230328s2023 sp | |||| 000 f spa  aB 809-2023bOficina Depósito Legal Barcelona a9788420475837 aa7247935 aSpMaBNbspacSpMaBNerda a821.134.2-31"19"1 aMontero, Rosa,d1951-eaut13aLa desconocida /cRosa Montero, Olivier Truc ; traducción del francés de Juan Carlos Durán Romero aPrimera edición en castellano: marzo de 2023, primera reimpresión: mayo de 2023 1a[Barcelona] :bAlfaguara,c2023 a156 páginas ;c24 cm aTexto2rdacontent asin mediación2rdamedia avolumen2rdacarrier1 aNegra Alfaguara1 aNarrativa hispánica / internacional aEs de noche y en el puerto de Barcelona un guardia hace su ronda cuando su pastora alemana se para en seco a olfatear desesperadamente un contenedor. Al llegar, los mossos hallan en su interior a una mujer inconsciente y deshidratada. Tiene una brecha en la sien, quemaduras en la cara y el cuerpo, y no recuerda quien es ni cuál es su lengua materna, pero está viva. Mientras se recupera en el Hospital Clínic, un hombre intenta asesinarla. La inspectora Anna Ripoll, experta en trata de mujeres, parece haber dado con su identidad y su dirección: Alicia Garone; 19, rue du Chariot, Lyon. En la ciudad francesa el inspector Erik Zapori busca el modo de librarse de la investigación a la que asuntos internos lo está sometiendo por delitos de corrupción y proxenetismo. Nada mejor que viajar a España a ayudar en la resolución de este caso, aunque pueda ser el más complejo de su vida. Rosa Montero, una de las autoras más queridas y premiadas en lengua española, vuelve a la novela negra, esta vez acompañada por Olivier Truc, ganador del Premio Quais du Polar, el más prestigioso galardón frances del género policíaco. 7aNovelas negras1 aTruc, Olivier,d1964-eaut1 aDurán Romero, Juan Carlosetrl aNegra Alfaguara aNarrativa hispánica aES-MaACLbR.154600jN-9359cDEPOJgDedicatoria autógrafa de la autorahDonación: Rosa MonteroxEncuadernación rústica con solapas (incluye faja)